Statistics for Sandra Bullock Movies: Multiple Choice

Click here to take the quiz!

General Stats

  • This quiz has been taken 571 times
  • The average score is 12 of 15

Answer Stats

QuestionAnswer% Correct
Which one?Miss Congeniality
98%
Which one?Speed
96%
Which one?The Blind Side
93%
Which one?Gravity
91%
Which one?The Lake House
90%
Which one?While You Were Sleeping
84%
Which one?Bird Box
80%
Which one?Ocean's Eight
80%
Which one?The Proposal
80%
Which one?Practical Magic
75%
Which one?The Net
74%
Which one?Crash
70%
Which one?The Heat
66%
Which one?28 Days
62%
Which one?Demolition Man
58%

Score Distribution

Percentile by Number Answered

Percent of People with Each Score

Your Score History

You have not taken this quiz